[Event "NED-ch53"]
[Site "Rotterdam"]
[Date "1998.07.03"]
[Round "11"]
[White "Nijboer, Friso"]
[Black "Reinderman, Dimitri"]
[Result "0-1"]
[WhiteElo "2580"]
[BlackElo "2480"]
[Annotator "Ribli,Z"]
[PlyCount "104"]
[EventDate "1998.06.21"]
[EventType "tourn"]
[EventRounds "11"]
[EventCountry "NED"]
[EventCategory "12"]
[SourceTitle "CBM 066"]
[Source "ChessBase"]
[SourceDate "1998.09.30"]
[SourceVersion "1"]
[SourceVersionDate "1998.09.30"]
[SourceQuality "1"]

1. e4 c5 2. Nf3 e6 3. d4 cxd4 4. Nxd4 a6 5. Nc3 (5. Bd3 {ist die andere
Hauptvariante, während die Fortsetzung 5.c4 weniger gespielt wird. Ribli.} Bc5
6. Nb3 Be7 (6... Ba7) 7. Nc3 d6 8. Be3 Nd7 (8... Nf6 $5 9. a4 b6 10. a5 b5 11.
Bb6 Qd7 $13) 9. f4 b5 10. Qg4 $6 b4 11. Ne2 h5 12. Qf3 Bb7 $15 {[%csl Rb3,Rf3]
[%cal Gb7f3] und Schwarz hatte eine flexible Stellung in Olivier,J-C. -
Horvath,Jo,Val Thorens,1998.}) 5... b5 {Diese aggressive Variante ist in
letzter Zeit sehr beliebt. Schwarz legt sich bezüglich der Aufstellung am
Königsflügel noch nicht fest, macht die Entwicklung des Bf8 und des Ng8 vom
Aufbau des Weißen abhängig und gewinnt zunächst Raum am Damenflügel. Weiß
erlangt so zwar großen Entwicklungsvorsprung, aber auch der Nachziehende hat
seine Chancen.} 6. Bd3 Ne7 $6 {Dieser Springerzug gefällt mir nicht. Der
Springer strebt nach c6, erschwert dort aber in vielen Varianten das schwarze
Spiel am Damenflügel.} (6... Qb6 7. Nb3 (7. Be3 $2 Bc5 8. Nce2 Nf6 {[%cal
Rf6g4,Rg4e3]} 9. h3 Bb7 {[%csl Re4]} 10. e5 Nd5 $17) 7... Qc7 $13 {Diese
Variante ist heutzutage sehr in Mode. Schwarz muß den Textzug spielen, sonst
kommt Weiss mit 8.a4 b4 9.a5 (mit Tempo) gefolgt von 10.Na4.}) 7. Bg5 $6 {
Dieser nur scheinbar aktive Läuferzug ist für Schwarz ungefährlich.} (7. O-O
Nbc6 8. Nxc6 Nxc6 9. f4 Be7 10. Be3 d6 11. Qh5 g6 12. Qh6 Bf8 13. Qh3 Bg7 14.
f5 O-O 15. Bh6 Ne5 16. Bxg7 Kxg7 17. f6+ Kh8 18. Nd1 Bb7 {1/2-1/2 De la Villa
Garcia,J-Magem Badals,J/Andorra zt 1987 (29)}) (7. f4 $5 Nec6 (7... Nbc6 8. Nf3
$14 {[%csl Rf8]}) 8. Nf3 Bc5 9. Qe2 $14) 7... h6 8. Be3 {Ist dies ein
Tempoverlust (7.Bg5 und 8.Be3) oder stellt 7...h6 eine Schwächung des
schwarzen Königsflügels dar?} (8. Bh4 Qb6 (8... g5 9. Bg3 Bg7 10. Ndxb5 $5 axb5
11. Nxb5 Qa5+ (11... O-O 12. Bc7 Qe8 13. Nd6 $18 {[%csl Gc7,Gd6,Re8]}) 12. c3
O-O $13) 9. Nb3 Ng6 10. Bg3 Be7 (10... Nc6 11. a4 b4 12. a5 $14) 11. e5 Nc6 12.
Qh5 O-O 13. O-O-O Bg5+ 14. Kb1 Ncxe5 15. h4 Nf4 16. Bxf4 Bxf4 17. Be4 Nc6 18.
Nd4 Bb7 {Tolnai,T-Gaertner,G/Vienna op 1995/1/2-1/2 (68)}) 8... Nec6 (8... Nbc6
9. f4 Nxd4 10. Bxd4 Nc6 11. Bf2 Bb7 12. Qh5 Qc7 13. f5 Ne5 14. Bg3 Qc5 15. Bf2
Qc7 16. Bg3 Qc5 17. Bf2 Qc7 {1/2-1/2 Van der Wiel,J-Lobron,E/Bochum 1981}) 9.
Nb3 {Das ist logisch. Nachdem auf c6 nur ein Springer Platz findet, steht
Schwarz jetzt vor Entwicklungsproblemen. Der Springer auf b8 hat keine Zukunft.
} Na5 10. O-O (10. Qe2 $5 $14 {Mit der Idee 0-0-0.}) 10... Nxb3 11. axb3 Bb7
$14 {Weiß hat großen Entwicklungsvorsprung und der schwarze König steht noch
in der Mitte. Es ist aber für Weiß nicht so leicht, konkrete Angriffspunkte
auszumachen.} 12. f4 (12. Qg4 $5) 12... Qc7 13. Kh1 $6 {Ein schablonenhafter
Zug. Weiß kann dieses Tempo sparen und für den Angriff nutzen.} (13. Qg4 $5 $14
) (13. e5 Bc5 (13... Nc6 14. Be4 Nb4 15. Qf3 Rb8 16. Rf2 $14) 14. Bxc5 Qxc5+
15. Kh1 $14 {[%csl Yd6]}) 13... Nc6 {[%cal Gc6b4]} 14. e5 Be7 15. Ne4 $6 (15.
Be4 $14) 15... Nb4 $1 $11 {[%csl Gb7,Rd3][%cal Gb7h1] Jetzt steht der schwarze
Läufer auf b7 gut und Schwarz kann jederzeit auf d3 tauschen.} 16. Bd4 (16. c3
$2 Nxd3 17. Qxd3 Qc6 {[%csl Re4,Rg2][%cal Rb7h1] Fesselt den Springer wegen
Matt auf g2.} 18. Rad1 Qxe4 19. Qxd7+ Kf8 $19) 16... Qc6 17. Rc1 $6 (17. Re1 $5
) 17... Na2 {[%cal Ra2c1]} 18. Ra1 Nb4 19. Rc1 Qd5 $1 {[%csl Gb7,Rd3,Gd5][%cal
Gb8h1] Schwarz, dessen Chancen zumindest gleich sind, gibt sich mit
Zugwiederholung nicht zufrieden.} 20. Bc3 {Weiß plant, 21.Bxb4 gefolgt von 22.
c3 zu spielen.} Nxd3 21. cxd3 b4 $15 {Schwarz dominiert die a8-h1 Diagonale.
Seine zentralisierte Dame steht ausgezeichnet.} 22. Be1 (22. Bd2 $2 Qxd3 $17)
22... O-O {[%csl Gb7,Gd5][%cal Gb7h1]} 23. Rc4 a5 {Schwarz verteidigt den
b4-Bauern und schafft sich die Möglichkeit ...Ba6.} 24. Bf2 {[%csl Yc5]} Rac8 {
Schwarz überdeckt das Feld c5.} 25. Rd4 Qb5 26. Kg1 {Weiß geht
Unannehmlichkeiten auf der Diagonalen a8-h1 aus dem Weg.} (26. Nd6 Bxd6 27.
Rxd6 f6 $15 {[%csl Gb7][%cal Gb7h1]}) 26... Kh7 $6 {Der schwarze König steht
auf h7 unglücklich.} 27. Be3 Rc7 28. Rc4 (28. Nd6 Bxd6 29. Rxd6 Rfc8 $15 {
[%csl Gb7][%cal Gc8c1]}) 28... Rxc4 29. bxc4 (29. dxc4 Qc6 $19 {[%cal Rb7g2]})
29... Qc6 30. f5 $6 (30. b3 f5 31. exf6 gxf6 32. f5 $13) 30... exf5 {Sondern
kommt 31.f6 mit starkem Angriff.} 31. Rxf5 Qe6 {Weiß hat keine realistischen
Angriffschancen am Königsflügel.} 32. Qf3 a4 {[%csl Ga4,Gb4] Die schwarzen
Damenflügelbauern sind gefährlich. Er droht stets, sich mit ...a4-a3 einen
entfernten Freibauern zu schaffen.} 33. Bd4 (33. Nf6+ $2 gxf6 34. Qxb7 Qxf5 $19
) 33... a3 34. bxa3 bxa3 $17 {[%csl Ga3,Ge7][%cal Ge7a3,Gb7g2] Unterstützt vom
Be7 bedeutet der schwarze a-Freibauer eine konkrete Gefahr.} 35. Rf4 Kg8 36.
Qe2 (36. Nc5 $2 Bxc5 37. Qxb7 a2 $19) (36. Nf6+ Bxf6 37. Qxb7 Bxe5 $17 {
[%csl Ga3]}) 36... Ra8 {[%cal Ga8a1]} 37. Nc3 d6 {Mit einfachem Spiel
verbessert Schwarz seine Stellung.} 38. Rf2 (38. exd6 a2 $1 $19 {[%cal Ra2a1]}
(38... Qxe2 39. Nxe2 Bxd6 40. Rf1 $17)) 38... dxe5 39. Qxe5 (39. Bxe5 a2 40.
Nxa2 Rxa2 41. Qxa2 Qxe5 $17 {[%csl Gb7,Ge7,Rg1][%cal Re7c5,Rc5g1]}) 39... Qxe5
40. Bxe5 f6 {Der entfernte Freibauer verbürgt dem Schwarzen die besseren
Chancen im Endspiel.} 41. Bd4 Rd8 $1 {[%csl Rd3,Rd4][%cal Rd8d3]} (41... Kf7
$15) 42. Nb5 (42. Rf4 g5 $19 (42... Rxd4 43. Rxd4 Bc5 44. Nb5 a2 $19)) 42...
Bc6 $5 {[%csl Ga3,Rb5,Gc6,Rd3,Rd4,Gd8,Ge7] Schwarz befragt den Verteidiger des
weißen Läufers d4.} (42... Rxd4 43. Nxd4 Bc5 {[%cal Rc5g1]} 44. Nb3 Bxf2+ 45.
Kxf2 $17) 43. Re2 Bf8 (43... Rxd4 44. Rxe7 (44. Nxd4 Bc5 $19 {[%csl Gc5,Rd4,
Rg1][%cal Rc5g1]}) 44... Rxd3 45. Ra7 Rd2 $19 {[%csl Gc6,Gd2,Rg2][%cal Rd2g2]})
(43... Kf7 $19) 44. Bb6 Rxd3 {Schwarz hat einen wichtigen Bauern gewonnen. die
weiße Stellung dürfte jetzt kaum noch haltber sein.} 45. Nd4 Bd7 {[%csl Ga3,
Gd3,Rd4,Gd7]} 46. Kf2 Kf7 47. Ra2 Be6 {[%csl Ge6][%cal Re6a2]} 48. Rc2 (48.
Nxe6 Kxe6 49. c5 Kd5 $17 {[%csl Gd5]}) 48... Bb4 {Neben seinem Mehrbauern
entfaltet Schwarz auch das bessere Figurenspiel.} 49. Nb5 Rb3 {[%csl Ga3]} 50.
Bd4 Bf5 51. Rc1 a2 $19 {[%csl Ga2] Der a-Bauer entscheidet den Kampf.} 52. Nc3
(52. Ra1 Bb1 $19 {[%csl Ra1]}) 52... Bxc3 {und Weiß gab auf.} (52... Bxc3 53.
Bxc3 Rxc3 54. Rxc3 a1=Q $19) 0-1

[Event "Buenos Aires Najdorf"]
[Site "Buenos Aires"]
[Date "1996.??.??"]
[Round "8"]
[White "Tiviakov, Sergei"]
[Black "Spangenberg, Hugo"]
[Result "1/2-1/2"]
[WhiteElo "2625"]
[BlackElo "2505"]
[Annotator "Ribli,Z"]
[PlyCount "105"]
[EventDate "1996.04.??"]
[EventType "tourn"]
[EventRounds "9"]
[EventCountry "ARG"]
[EventCategory "13"]
[SourceTitle "CBM 053"]
[Source "ChessBase"]
[SourceDate "1996.08.01"]
[SourceVersion "1"]
[SourceVersionDate "1996.08.01"]
[SourceQuality "1"]

1. e4 c5 2. Nf3 e6 3. d4 cxd4 4. Nxd4 a6 5. Nc3 Qc7 6. Bd3 g6 {Schwarz hat
diesen seltenen Zug schon mehrmals gespielt.} 7. Nde2 $1 {Eine neue Idee. Ich
denke, dass der russiche Grossmeister diesen Zug schon zu Hause vorbereitet
hat.} (7. O-O Bg7 8. Nb3 Nf6 9. f4 d6 10. Qe1 O-O 11. Qh4 Nbd7 12. Bd2 b5 13.
a3 Bb7 $13 {Iglesias,J-Spangenberg,H/Buenos Aires Clarin op/1995/}) 7... Nc6 8.
Bf4 $1 Ne5 9. Be3 Bg7 10. f4 Nc4 (10... Nxd3+ 11. cxd3 $14 {/\ /\ Rc1}) 11.
Bxc4 Qxc4 12. a4 $1 {Weiss will die schwarzen Moeglichkeiten am Damenfluegel
stark begrenzen.} Ne7 (12... Nf6 $5) 13. Qd6 $1 {Weiss will die weitere
schwarze Entwicklung erschweren. W} Qc6 14. Qb4 $5 {Weiss will jetzt die Dame
nicht mehr tauschen.} (14. Bc5 $14) 14... d5 15. Bc5 $1 Qc7 16. Bd6 Qd8 17.
O-O-O $1 {[#] Die weisse Initiative ist wichtiger als der Bauerngewinn.} (17.
Bxe7 Qxe7 18. Qxe7+ Kxe7 19. exd5 $14) 17... Nc6 (17... dxe4 $4 18. Be5 Nd5 19.
Bxg7 Nxb4 20. Rxd8+ Kxd8 21. Bxh8 $18) 18. Qc5 d4 19. Nxd4 $1 Nxd4 (19... Bxd4
20. Rxd4 Nxd4 21. Qxd4 f6 22. g4 $44) 20. Be5 $1 {Eine unangenehme
Ueberraschung. Jetzt gewinnt der Anziehende einfach einen Bauern.} (20. Rxd4 $6
b6 21. Qb4 Bxd4 22. Qxd4 f6 $13) 20... Bxe5 21. Qxe5 f6 22. Qxd4 Qxd4 23. Rxd4
Bd7 {Wie kann man seinen Materialvorteil zum Sieg verwerten? Das ist immer
eine sehr schwierige Frage.} 24. Rhd1 (24. Re1 Bc6 25. e5 f5 26. g3 Ke7 $14)
24... Bc6 25. b3 (25. b4 Ke7 26. b5 axb5 27. axb5 Ra1+ 28. Kb2 Rxd1 29. Rxd1
Be8 30. Kb3 $14) (25. Kd2 $5) 25... g5 $5 {Natuerlich will Schwarz nicht
tatenlos zuschauen.} 26. fxg5 fxg5 27. Kd2 Ke7 28. Ke3 Rhc8 29. Rb4 $5 Rab8 30.
Ne2 Be8 31. Rd2 $6 (31. Nd4 b6 32. a5 b5 $14) 31... b5 32. axb5 axb5 33. Rbd4
Rc5 34. h3 Rbc8 $1 35. c3 Ra8 $1 {Natuerlich gehoert ein Turm auf die offene
Linie.} 36. Rd6 Ra3 37. b4 Rc4 38. R2d3 h5 39. g3 Bg6 40. Rd7+ Kf6 41. R7d4 Rc7
42. h4 gxh4 43. gxh4 Ke5 $1 44. Nf4 Be8 45. Rd8 {[#] Die weisse Stellung sieht
uebermaechtig aus, aber...} (45. Rd6 Rc6) 45... Rc4 $1 {Diese huebsche
Kombination rettet die Partie.} (45... Bc6 46. R8d6 $18) (45... Bf7 46. Rb8 $18
) 46. R3d4 Rxd4 $1 (46... Raxc3+ 47. Nd3+ $18) 47. Rxd4 Rxc3+ 48. Nd3+ Kf6 49.
Kf4 Rc4 50. Rxc4 bxc4 51. Nc1 c3 52. Ke3 c2 53. Kd4 {Weiss hat mit sehr gutem
Spiel einen Bauern erobert, aber danach verspielt er mit schlechter Technik
höchstwarschenlich den Sieg.  Ribli} 1/2-1/2

[Event "New York op"]
[Site "New York"]
[Date "1998.03.18"]
[Round "5"]
[White "Shabalov, Alexander"]
[Black "Smirin, Ilia"]
[Result "0-1"]
[WhiteElo "2615"]
[BlackElo "2590"]
[Annotator "Ribli,Z"]
[PlyCount "120"]
[EventDate "1998.03.16"]
[EventType "swiss"]
[EventRounds "9"]
[EventCountry "USA"]
[SourceTitle "CBM 064"]
[Source "ChessBase"]
[SourceDate "1998.06.02"]
[SourceVersion "1"]
[SourceVersionDate "1998.06.02"]
[SourceQuality "1"]

1. e4 c5 2. Nf3 e6 3. d4 cxd4 4. Nxd4 a6 5. Nc3 b5 {Das ist ein sehr riskanter
Zug. Schwarz entwickelt unter Raumgewinn den Damenflügel und reagiert dann in
Abhängigkeit vom weißen Spiel am Königsflügel. Ribli.} 6. g3 Bb7 7. Bg2 Nf6 (
7... b4 8. Na4 Nf6 9. Bg5 Qa5 (9... Be7) 10. Bxf6 gxf6 11. c3 Nc6 12. O-O Bg7
13. cxb4 Qxb4 14. Ne2 Bh6 15. f4 O-O 16. Rc1 a5 17. a3 Qe7 18. Nc5 Ba6 19. Rf2
Ra7 20. Nxa6 Rxa6 21. Nc3 Rb8 {1/2-1/2 Adams,M-Kasparov,G/Tilburg 1997 (26)})
8. O-O (8. Qe2 b4 (8... d6 9. Bg5 (9. O-O Nbd7 10. Rd1 Qc7 11. Bg5 Be7 12. a3
O-O 13. Kh1 Rfe8 14. f4 Bf8 15. Nb3 Rac8 $15 {0-1 Docx,S-Van Mil,J/BEL-chT9697
1997 (39)}) 9... Be7 10. f4 b4 11. e5 bxc3 12. Bxb7 cxb2 13. Rb1 dxe5 14. Bxa8
Qxd4 15. Qxe5 Bb4+ 16. Kf1 Qc4+ 17. Kg2 Nbd7 18. Qxb2 Bc3 19. Qa3 Qe2+ 20. Kh3
Qg4+ {1/2-1/2 Van Der Lijn,B-Nijboer,F/Antwerpen op 1996}) 9. Na4 Qa5 (9... d5
10. Bg5 Be7 11. exd5 Bxd5 12. O-O-O Qa5 13. f4 Nbd7 14. b3 (14. Bxd5 Qxd5 15.
b3 $14) 14... Bxg2 15. Qxg2 {Kupreichik,V-Sax,G/Muenster op 1996/EXP 55/1-0 
(43)}) 10. b3 Nc6 11. Be3 Nxd4 12. Bxd4 Qb5 13. Qd3 Be7 14. O-O e5 $1 (14...
Bc6) 15. Be3 d5 16. exd5 Bxd5 17. c4 {1/2-1/2 Hellers,F-Kengis,E/Aarhus 1997})
(8. a3 d6 9. O-O Qc7 10. Re1 Be7 11. g4 h6 12. h4 g6 13. g5 hxg5 14. hxg5 Nh5
15. Nde2 Nc6 16. Be3 Ne5 17. Qd4 f6 18. Nf4 Nxf4 19. Bxf4 fxg5 20. Bxe5 dxe5
21. Qd3 O-O 22. Qh3 Qb6 23. Re2 Kg7 $17 {0-1 Mueller,K-Bologan,V/Oakham 1992/
CBM 30 (31)}) 8... b4 {Wenn Schwarz schon 5...b5 gespielt hat, muß er auch so
fortsetzen.} 9. Nd5 {Ein typisches Springeropfer, das Weiß unfraglich
Initiative einbringt. Ich bin aber nicht so überzeugt, daß die Kompensation
ausreichend ist.} (9. Na4 Bxe4 10. Bxe4 Nxe4 11. Re1 d5 12. Nxe6 (12. c4 bxc3
13. Nxc3 Nxc3 14. bxc3 Bc5 15. Qg4 Bxd4 16. cxd4 O-O 17. Bg5 f5 18. Qf4 Qd7 19.
Rac1 Nc6 $17 {0-1 Rausis,I-Marciano,D/Philidor mem 1995 (31)}) 12... fxe6 13.
Qh5+ g6 14. Qe5 Qf6 15. Rxe4 Qxe5 16. Rxe5 Kf7 17. Re3 Nd7 18. Rf3+ Kg7 19. b3
Rc8 20. Bb2+ e5 21. Rd3 d4 22. f4 Rxc2 23. fxe5 Nc5 24. Nxc5 Bxc5 25. Bxd4 Rd8
26. Rad1 Rxd4 27. Rxd4 Rxa2 {1/2-1/2 Barczay,L-Korpics,Z/tt_HUN 1996 (32)})
9... exd5 10. exd5 Bc5 (10... Nxd5 11. Re1+ Be7 12. Nf5 {[%csl Rd5,Re8,Gf5]
[%cal Re1e8]}) (10... Bxd5 11. Re1+ Be7 12. Bxd5 Nxd5 13. Nf5 Qa5 14. Re5 $16 {
[%csl Rd5][%cal Re5a5,Re5e8]}) (10... d6 11. Re1+ Kd7 (11... Be7 12. Nf5 $16 {
[%csl Re7,Re8][%cal Re1e8]}) 12. c3 $44 {[%cal Gd1a4]}) 11. Re1+ Kf8 12. Nf5 (
12. Bf4 h6 13. c3 Qb6 14. Be5 d6 15. Bxf6 gxf6 16. Nf5 Bxf2+ 17. Kh1 Bxe1 18.
Qg4 Rg8 19. Qe4 Qd8 20. Rxe1 Rg5 21. h4 Rxf5 22. Qxf5 Nd7 23. Qf4 Ne5 24. Qxh6+
Ke7 {0-1 Felix,V-Rehorek,M/Sumperk op 1990 (31)}) 12... d6 13. Bf4 $44 {
Weiß hat nur einen Bauern für die Figur, aber Schwarz hat große Schwerigkeiten
mit der Figurenkoordination.} Bc8 14. Nd4 Qb6 (14... h6 15. h4 Bg4 16. Qd2 Qb6
17. c3 a5 18. a3 b3 19. a4 Na6 20. Nb5 Bd7 21. Bf1 Nc7 22. Na3 Ncxd5 23. Nc4
Qc7 24. Bg2 Bc6 25. Ne5 dxe5 26. Bxe5 Qb6 27. c4 Ne7 {0-1 Fuglsang,F-Kengis,E/
Koge op 1997}) (14... Bb7 {Das führt nur zur Zugwiederholung.} 15. Nf5 (15. Nc6
Bxc6 16. dxc6 Qc7 $17)) 15. Nc6 $146 {Vorwärts um jeden Preis!} (15. Qe2 h6 16.
Nb3 Nbd7 17. a3 Bb7 18. axb4 Bxb4 19. c3 Bc5 20. Nxc5 dxc5 21. b4 cxb4 22. Reb1
Bxd5 23. Rxb4 Qe6 {0-1 Marinkovic,S-Cabrilo,G/Belgrade-C 1991 (25)}) 15... h6 {
Schwarz schafft dem König ein Luftloch auf h7.} (15... Nxc6 16. dxc6 $13 {
[%csl Rd6,Rf8]}) (15... Bxf2+ 16. Kh1 Bxe1 17. Bxd6+ Ke8 (17... Kg8 18. Ne7+
Kf8 19. Nxc8+ $18) 18. Qxe1+ Be6 19. Bxb8 $16 {[%csl Re8]} (19. dxe6 Nxc6 $17))
(15... Bb7 16. Qd2 $13) 16. Qd2 Bb7 17. a3 a5 (17... bxa3 18. b4 $13) 18. axb4
axb4 (18... Bxb4 $2 {Nach 17...a5 wäre das nicht logisch.} 19. c3 Bc5 20. b4
$36) 19. Rxa8 Bxa8 20. Ra1 Nxc6 (20... Bxc6 21. dxc6 {[%csl Rf8,Gg2,Rh8][%cal
Gg2a8]} Nxc6 22. Bxd6+ Bxd6 (22... Kg8 23. Ra8+ Kh7 24. Qd3+ g6 25. Ra6 {
[%cal Ra6c6]} Bxf2+ 26. Kf1 $14) 23. Qxd6+ $16 {[%cal Rd6f8,Rd6b6]}) (20... Bb7
21. Nxb8 $16) 21. Bxd6+ $5 (21. dxc6 Bxc6 22. Bxd6+ Kg8 $19) (21. Rxa8+ Nb8 $17
) 21... Bxd6 22. dxc6 Qb8 $5 (22... Qd8 {Diese Fortsetzung bedeutet nur
Zugumstellung.} 23. Rxa8 Qxa8 24. Qxd6+) 23. Rxa8 (23. c7 Qxc7 (23... Bxc7 $2
24. Rxa8 $18) (23... Bxg2 $2 24. cxb8=Q+ $18) 24. Rxa8+ Ne8 $17 {Schwarz
besitzt eine Mehrfigur, aber Weiß entfaltet noch immer positionellen Druck.})
23... Qxa8 24. Qxd6+ Kg8 {Weiß hat nur zwei Bauern für den Turm, aber der
c-Freibauer unterstützt vom Läufer g2 scheint gefährlich.} 25. c7 Qc8 26. Bf1 (
26. Qd8+ Kh7 $19) 26... Ne8 (26... Kh7 27. Bd3+ g6 28. Qxf6 $15) 27. Qd8 Qxc7
28. Qxe8+ Kh7 $17 {Nach großen Komplikationen hat Schwarz die Qualität gegen
einen Bauern mehr.} 29. Qe4+ g6 30. Bc4 Rd8 {[%csl Gd8][%cal Gd8d1] Nachdem
der Turm 30 Züge auf h8 eingesperrt war, koordiniert er jetzt natürlich mit
der Dame besser als Dame und Läufer des Weißen.} 31. Bb3 Rd1+ 32. Kg2 Rd2 {
[%cal Gd2b2,Gd2h2]} 33. Qf3 Kg7 34. h4 Rd6 {Jetzt wäre 34...h5 ein Reflexzug,
aber es ist nicht logisch, die Bauern auf die Felderfarbe des gegnerischen
Läufers zu stellen.} 35. Kh2 Qa7 {[%cal Ga7f7,Ga7f2] Stufenweise geht Schwarz
voran. Die Dame verteidigt die einzige mögliche schwarze Schwäche auf f7 und
beäugt den Punkt f2.} 36. Qe2 Rf6 37. Kg1 Qd4 {[%csl Rb2,Gd4] mit Bauerngewinn}
38. c3 {Auf diese Weise tauscht Weiß alle Bauern am Damenflügel.} bxc3 39. bxc3
Qxc3 40. Bd5 {Der Läufer steht natürlich aktiv in der langen Diagonalen.} Rd6
41. Qa2 Qe5 42. Bf3 Qe1+ 43. Kg2 Rd2 {[%csl Rf2][%cal Rd2a2,Rd2g2]} 44. Qa7 $8
Qe5 45. Qa6 (45. Qb6 Qd4 46. Qxd4+ Rxd4 $17 {In der praktischen Partie ist es
nicht ganz leicht, aber theoretisch ist diese Stellung bei genauem Spiel für
Schwarz gewonnen.}) 45... Qd4 46. Qf1 $8 {Die Drohungen (gegen f2 und
Damentausch) kann Weiß nur mit einzigen Zügen verteidigen.} Ra2 47. Qe1 Kf6 {
Das ist ein Abwartezug, denn Anwesenheit der Damen auf dem Brett verhindert
noch das Eindringen des schwarzen Königs, aber in einem
Turm-gegen-Läufer-Endspiel entscheidet die Königsstellung zugunsten des
Nachziehenden.} 48. Qf1 Qd2 {[%csl Ga2,Gd2,Gf1]} 49. Kg1 Ke7 50. Kg2 Kf8 51.
Bg4 Rc2 {Das Zusammenspiel von Dame und Turm erreicht das Maximum. Weiß ist
entweder hilflos gegen den schwarzen Mattangriff oder muß die Damen tauschen,
was natürlich auch dem Weißen entgegen kommt.} 52. Bf3 Kg8 53. Be4 Rc1 {
[%csl Gc1,Gd2]} 54. Qb5 Qe1 {[%csl Rg2]} 55. Qe8+ Kg7 56. Qe5+ Kh7 57. Kf3 (57.
Qf6 $2 Qh1#) (57. Kh3 Qxf2 $19) 57... Qc3+ (57... Rc3+ 58. Kg2 $17) 58. Qxc3
Rxc3+ $19 {Jetzt hat Schwarz ein gewonnenes Endspiel.} 59. Kf4 (59. Kg2 Kg7 $19
{[%csl Rf2][%cal Rf6e5,Rg7f6,Re5d4]}) 59... Kg7 60. g4 $2 Rh3 {[%csl Rh4] Weiß
verliert den h-Bauern und gibt auf.} 0-1

[Event "Sonnevanck 3rd"]
[Site "Wijk aan Zee"]
[Date "1993.??.??"]
[Round "3"]
[White "Reinderman, Dimitri"]
[Black "Sokolov, Andrei"]
[Result "1/2-1/2"]
[WhiteElo "2435"]
[BlackElo "2525"]
[Annotator "Ribli,Z"]
[PlyCount "59"]
[EventDate "1993.??.??"]
[EventType "tourn"]
[EventRounds "9"]
[EventCountry "NED"]
[EventCategory "10"]
[SourceTitle "CBM 040"]
[Source "ChessBase"]
[SourceDate "1994.06.01"]
[SourceVersion "1"]
[SourceVersionDate "1994.06.01"]
[SourceQuality "1"]

1. e4 c5 2. Nf3 e6 3. d4 cxd4 4. Nxd4 a6 5. Nc3 b5 6. Bd3 Ne7 7. f4 $5 (7. O-O
{De la Villa Garcia,J-Magem Badals,J/Andorra zt/1987/CBM04/}) 7... Nbc6 8. Nf3
d5 9. e5 b4 10. Na4 (10. Ne2 Qb6 11. Ned4 Nxd4 12. Nxd4 Bd7 $13) 10... Bd7 11.
Nc5 (11. Be3 $2 d4 $17) 11... Nf5 12. Nxd7 Qxd7 13. Bxf5 exf5 14. Be3 Be7 15.
Qd3 O-O 16. O-O-O Rfd8 17. Nd4 g6 (17... Nxd4 18. Bxd4 $14) 18. h3 Rac8 19. g4
Nxd4 20. Bxd4 fxg4 21. Rdg1 (21. f5 $2 Qxf5 22. Qxf5 gxf5 23. hxg4 Bg5+ $1 24.
Kb1 f4 $17) (21. hxg4 Qxg4 22. f5 Qe4 23. e6 f6 $13) 21... g3 $1 (21... gxh3
22. f5 $36) 22. Rxg3 Bc5 23. Bxc5 Rxc5 24. f5 Rdc8 25. Rg2 d4 26. Rhg1 (26. e6
Qd5 27. exf7+ Kg7 $13) 26... Qb5 (26... Rxe5 $2 27. fxg6 fxg6 28. Rxg6+ hxg6
29. Qxg6+ $18) 27. Qf3 Qc6 $1 (27... d3 $2 28. fxg6 Rxc2+ 29. Kb1 $1 hxg6 30.
Rxg6+ $18) 28. Qd3 Qb5 29. Qf3 Qc6 30. Qd3 1/2-1/2